Un kama sutra español : El primer tratado erótico de nuestra lengua (MISS.S2 Brah Madrid y Palacio 1967) /
Zapisane w:
| 1. autor: | |
|---|---|
| Format: | Nieznany |
| Język: | Spanish |
| Wydane: |
Madrid, España :
Librerias : Prodhufi,
1995.
|
| Hasła przedmiotowe: | |
| Etykiety: |
Dodaj etykietę
Nie ma etykietki, Dołącz pierwszą etykiete!
|
MARC
| LEADER | 000000000a22000000004500 | ||
|---|---|---|---|
| 001 | 003696 | ||
| 020 | |a 8479542691 | ||
| 041 | 0 | |a spa | |
| 082 | 0 | 4 | |a 808.803.538 |b L864k |
| 100 | 1 | |a López-Baralt, Luce | |
| 245 | 1 | 3 | |a Un kama sutra español : |b El primer tratado erótico de nuestra lengua (MISS.S2 Brah Madrid y Palacio 1967) / |c Luce López-Baralt. |
| 260 | 1 | |a Madrid, España : |b Librerias : Prodhufi, |c 1995. | |
| 300 | |a 177 páginas | ||
| 650 | 4 | |a LITERATURA EROTICA ESPAÑOLA | |
| 650 | 4 | |a HISTORIA Y CRITICISMO | |
| 650 | 4 | |a SEXO EN LA LITERATURA | |
| 650 | 4 | |a ASPECTOS RELIGIOSOS | |
| 650 | 4 | |a ISLAM | |
| 650 | 4 | |a INFLUENCIA ARABE | |
| 650 | 4 | |a MATRIMONIO EN LITERATURA | |
| 999 | |c 10164 |d 10164 | ||
| 942 | |c BK |h 808.803.538 L864k |2 z | ||



